| 000 | 01020nac a22003137a 4500 | ||
|---|---|---|---|
| 001 | BR8707128 | ||
| 003 | BR-BrBNA | ||
| 005 | 20240105120624.0 | ||
| 008 | 230509b bl.|||m| |||| 00| 0 por d | ||
| 040 |
_aBR-BrBNA _bpor _cBiblioteca Nacional de Agricultura |
||
| 072 | _aF08 | ||
| 090 | _a0336 BR8707128 | ||
| 100 | 1 | _aGaudencio, C. de A. | |
| 100 | 1 | _aYorinori, J.T. | |
| 100 | 1 | _aGarcia, A. | |
| 100 | 1 | _aQueiroz, E.F. de | |
| 110 | 1 |
_aCentro Nacional de Pesquisa de Soja, Londrina, PR (Brasil) _91793 |
|
| 245 | 1 | _aRotacao de culturas com a soja no norte do Estado do Parana | |
| 246 | 1 | _a[Rotational cropping with soybeans in the north of Parana] | |
| 260 | 3 |
_aLondrina, PR (Brasil): _c1986. |
|
| 300 | _a10 p. | ||
| 490 |
_aPesquisa em Andamento - Centro Nacional de Pesquisa de Soja (Brazil) _vno. 10 _xISSN 0100-7306 |
||
| 500 | _a5 tables | ||
| 650 | _aSOJA | ||
| 650 | _aROTACAO DE CULTURA | ||
| 650 | _aPARANA | ||
| 909 |
_a202312 _bLúcia Elande _c55 _dLúcia Elande |
||
| 942 |
_2AGRIS _n0 _cMS |
||
| 999 |
_c280511 _d280511 |
||